ARRUPE JESUIT UNIVERSITY

CORONAVIRUS -STOP THE SPREAD - CLEAN,DISINFECT,COVER

Cattle for beads : (Record no. 128978)

MARC details
000 -LEADER
fixed length control field 01734cam a2200385 a 4500
001 - CONTROL NUMBER
control field 12343524
003 - CONTROL NUMBER IDENTIFIER
control field ARRUPE
005 - DATE AND TIME OF LATEST TRANSACTION
control field 20190213100458.0
008 - FIXED-LENGTH DATA ELEMENTS--GENERAL INFORMATION
fixed length control field 000818s2000 sx ab b f000 0 eng
010 ## - LIBRARY OF CONGRESS CONTROL NUMBER
LC control number 00284890
020 ## - INTERNATIONAL STANDARD BOOK NUMBER
International Standard Book Number 9150613359
035 ## - SYSTEM CONTROL NUMBER
System control number (DLC) 00284890
040 ## - CATALOGING SOURCE
Original cataloging agency DLC
Transcribing agency DLC
Modifying agency DLC
042 ## - AUTHENTICATION CODE
Authentication code lcode
043 ## - GEOGRAPHIC AREA CODE
Geographic area code f-sx---
050 00 - LIBRARY OF CONGRESS CALL NUMBER
Classification number SPC. DT1670.K85
Item number K56 2000
082 00 - DEWEY DECIMAL CLASSIFICATION NUMBER
Classification number 968.81/01
Edition number 21
300 ## - PHYSICAL DESCRIPTION
Other physical details ill., (some col.), maps ;
Dimensions 30 cm.
100 1# - MAIN ENTRY--PERSONAL NAME
Personal name Kinahan, Jill
9 (RLIN) 44592
245 10 - TITLE STATEMENT
Title Cattle for beads :
Remainder of title the archaeology of historical contact and trade on the Namib coast /
Statement of responsibility, etc Jill Kinahan.
260 ## - PUBLICATION, DISTRIBUTION, ETC. (IMPRINT)
Place of publication, distribution, etc Uppsala, Sweden :
Name of publisher, distributor, etc Dept. of Archaeology & Ancient History, University of Uppsala ;
Place of publication, distribution, etc Windhoek, Namibia :
Name of publisher, distributor, etc Namibia Archaeological Trust,
Date of publication, distribution, etc 2000.
300 ## - PHYSICAL DESCRIPTION
Extent xii, 119 p. :
440 #0 - SERIES STATEMENT/ADDED ENTRY--TITLE
Title Studies in African archaeology,
International Standard Serial Number 0284-5040 ;
Volume number/sequential designation 17
9 (RLIN) 44593
500 ## - GENERAL NOTE
General note "7 April 2000."
500 ## - GENERAL NOTE
General note Originally presented as the author's thesis (doctoral)--Uppsala University, Uppsala, 2000.
504 ## - BIBLIOGRAPHY, ETC. NOTE
Bibliography, etc Includes bibliographical references (p. 98-107).
650 #0 - SUBJECT ADDED ENTRY--TOPICAL TERM
Topical term or geographic name as entry element Excavations (Archaeology)
Geographic subdivision Namibia
-- Kuiseb River Region.
9 (RLIN) 44594
650 #0 - SUBJECT ADDED ENTRY--TOPICAL TERM
Topical term or geographic name as entry element Excavations (Archaeology)
Geographic subdivision Namibia
-- Walvis Bay Region.
9 (RLIN) 44595
651 #0 - SUBJECT ADDED ENTRY--GEOGRAPHIC NAME
Geographic name Kuiseb River Region (Namibia)
General subdivision Antiquities.
9 (RLIN) 44596
651 #0 - SUBJECT ADDED ENTRY--GEOGRAPHIC NAME
Geographic name Walvis Bay Region (Namibia)
General subdivision Antiquities.
9 (RLIN) 44597
651 #0 - SUBJECT ADDED ENTRY--GEOGRAPHIC NAME
Geographic name Kuiseb River Region (Namibia)
General subdivision Commerce
-- History.
9 (RLIN) 44598
651 #0 - SUBJECT ADDED ENTRY--GEOGRAPHIC NAME
Geographic name Walvis Bay Region (Namibia)
General subdivision Commerce
-- History.
9 (RLIN) 44599
906 ## - LOCAL DATA ELEMENT F, LDF (RLIN)
a 7
b cbc
c origode
d 3
e ncip
f 20
g y-gencatlg
942 ## - ADDED ENTRY ELEMENTS (KOHA)
Source of classification or shelving scheme Library of Congress Classification
Koha item type SPC
Holdings
Withdrawn status Lost status Source of classification or shelving scheme Damaged status Not for loan Collection code Home library Current library Shelving location Date acquired Total Checkouts Full call number Barcode Date last seen Price effective from Koha item type
    Library of Congress Classification     SPECIAL Collection ARRUPE LIBRARY ARRUPE LIBRARY REFERENCE 13/02/2019   SPC. DT1670.K85 K56 2000 46600003745 13/02/2019 13/02/2019 SPC

 

Arrupe Library. PO Box MP320 Mt Pleasant, Harare, Zimbabwe
263 242 745411|librarian@aju.ac.zw